[Event "AMPD"]
[Site "Chorzow"]
[Date "2022.04.03"]
[Round "9.1"]
[White "Janik, Igor"]
[Black "Kindler, Przemyslaw"]
[Result "1-0"]
[BlackElo "2039"]
[WhiteElo "2386"]
[WhiteTeam ""]
[LiveChessVersion "1.4.8"]

1. e4 {[%clk 0:15:09]} c5 {[%clk 0:15:07]} 2. Nf3 {[%clk 0:15:12]} g6
{[%clk 0:15:11]} 3. h4 {[%clk 0:15:16]} h5 {[%clk 0:14:57]} 4. Bc4
{[%clk 0:15:15]} e6 {[%clk 0:14:54]} 5. d4 {[%clk 0:15:07]} Bg7 {[%clk 0:14:43]}
6. dxc5 {[%clk 0:14:52]} Qa5+ {[%clk 0:14:47]} 7. c3 {[%clk 0:14:56]} Qxc5
{[%clk 0:14:50]} 8. Na3 {[%clk 0:14:58]} a6 {[%clk 0:14:49]} 9. Be3
{[%clk 0:14:30]} Bxc3+ {[%clk 0:14:15]} 10. bxc3 {[%clk 0:13:53]} Qxa3
{[%clk 0:14:19]} 11. Qd4 {[%clk 0:13:57]} f6 {[%clk 0:14:14]} 12. e5
{[%clk 0:13:46]} Nc6 {[%clk 0:14:15]} 13. Qd3 {[%clk 0:13:51]} f5
{[%clk 0:14:11]} 14. O-O {[%clk 0:13:49]} Nh6 {[%clk 0:13:17]} 15. Rad1
{[%clk 0:12:36]} Ng4 {[%clk 0:13:01]} 16. Bf4 {[%clk 0:12:36]} Qc5
{[%clk 0:12:51]} 17. Bb3 {[%clk 0:12:27]} O-O {[%clk 0:12:10]} 18. Nd4
{[%clk 0:12:22]} Ncxe5 {[%clk 0:11:54]} 19. Qg3 {[%clk 0:12:26]} Nf7
{[%clk 0:11:33]} 20. f3 {[%clk 0:12:23]} Nge5 {[%clk 0:11:00]} 21. Rfe1
{[%clk 0:12:09]} d6 {[%clk 0:11:01]} 22. Kh2 {[%clk 0:12:13]} Re8
{[%clk 0:10:38]} 23. Nxf5 {[%clk 0:11:51]} Nxf3+ {[%clk 0:10:31]} 24. gxf3
{[%clk 0:11:38]} Qxf5 {[%clk 0:10:34]} 25. Bxd6 {[%clk 0:11:23]} Bd7
{[%clk 0:10:18]} 26. Rg1 {[%clk 0:11:17]} Nh8 {[%clk 0:09:54]} 27. Rd4
{[%clk 0:10:25]} Bc6 {[%clk 0:09:44]} 28. Rf4 {[%clk 0:10:28]} Qd3
{[%clk 0:09:48]} 29. Rf6 {[%clk 0:10:27]} Bd5 {[%clk 0:08:44]} 30. c4
{[%clk 0:10:20]} Bc6 {[%clk 0:08:08]} 31. Rg2 {[%clk 0:10:24]} Rad8
{[%clk 0:08:03]} 32. Be5 {[%clk 0:10:27]} Rf8 {[%clk 0:07:23]} 33. Bc2
{[%clk 0:10:12]} Rxf6 {[%clk 0:07:19]} 34. Bxf6 {[%clk 0:10:12]} Qxf3
{[%clk 0:07:04]} 35. Qxf3 {[%clk 0:10:11]} Bxf3 {[%clk 0:07:07]} 36. Bxd8
{[%clk 0:10:14]} Bxg2 {[%clk 0:07:10]} 37. Kxg2 {[%clk 0:10:18]} Nf7
{[%clk 0:07:14]} 38. Bf6 {[%clk 0:10:20]} Nd6 {[%clk 0:07:16]} 39. Bxg6
{[%clk 0:10:15]} Nxc4 {[%clk 0:07:15]} 40. Bxh5 {[%clk 0:10:18]} Ne3+
{[%clk 0:07:14]} 41. Kf2 {[%clk 0:10:21]} Nd5 {[%clk 0:07:17]} 42. Be5
{[%clk 0:10:24]} Nb4 {[%clk 0:07:20]} 43. Bg6 {[%clk 0:10:04]} Nd5
{[%clk 0:06:11]} 44. h5 {[%clk 0:10:03]} Ne7 {[%clk 0:06:13]} 45. Ke3
{[%clk 0:09:59]} b5 {[%clk 0:06:10]} 46. Be4 {[%clk 0:09:59]} a5 {[%clk 0:06:02]}
47. Kd4 {[%clk 0:10:03]} 1-0

[Event "AMPD"]
[Site "Chorzow"]
[Date "2022.04.03"]
[Round "9.2"]
[White "Demianowicz, Maciej"]
[Black "Sadzikowski, Daniel"]
[Result "0-1"]
[BlackElo "2370"]
[WhiteElo "2020"]
[BlackTeam ""]
[LiveChessVersion "1.4.8"]

1. e4 {[%clk 0:15:09]} c6 {[%clk 0:15:07]} 2. Nf3 {[%clk 0:15:12]} d5
{[%clk 0:15:11]} 3. Nc3 {[%clk 0:15:16]} Bg4 {[%clk 0:15:14]} 4. Be2
{[%clk 0:15:19]} e6 {[%clk 0:15:12]} 5. O-O {[%clk 0:15:19]} Nf6 {[%clk 0:15:07]}
6. exd5 {[%clk 0:14:57]} cxd5 {[%clk 0:14:16]} 7. d4 {[%clk 0:13:51]} Nc6
{[%clk 0:13:59]} 8. Re1 {[%clk 0:12:35]} Bb4 {[%clk 0:13:33]} 9. Bg5
{[%clk 0:11:08]} O-O {[%clk 0:13:14]} 10. Ne5 {[%clk 0:11:05]} Bxe2
{[%clk 0:13:05]} 11. Rxe2 {[%clk 0:11:03]} Be7 {[%clk 0:12:09]} 12. Re1
{[%clk 0:09:17]} Rc8 {[%clk 0:11:43]} 13. Nxc6 {[%clk 0:08:57]} bxc6
{[%clk 0:10:34]} 14. Bxf6 {[%clk 0:08:31]} Bxf6 {[%clk 0:10:37]} 15. Na4
{[%clk 0:08:06]} Qd6 {[%clk 0:07:50]} 16. Nc5 {[%clk 0:06:59]} e5
{[%clk 0:07:31]} 17. c3 {[%clk 0:06:57]} Rfe8 {[%clk 0:05:59]} 18. Qg4
{[%clk 0:04:44]} exd4 {[%clk 0:04:55]} 19. cxd4 {[%clk 0:04:41]} h5
{[%clk 0:04:03]} 20. Rxe8+ {[%clk 0:03:13]} Rxe8 {[%clk 0:04:06]} 21. Qd1
{[%clk 0:03:09]} Qf4 {[%clk 0:03:00]} 22. Nb3 {[%clk 0:03:08]} h4
{[%clk 0:02:52]} 23. Qd3 {[%clk 0:02:04]} Qe4 {[%clk 0:01:05]} 24. Qxe4
{[%clk 0:01:10]} Rxe4 {[%clk 0:01:09]} 25. f3 {[%clk 0:01:12]} Re2
{[%clk 0:01:06]} 26. Rc1 {[%clk 0:01:05]} Rxb2 {[%clk 0:00:56]} 27. Rxc6
{[%clk 0:01:05]} Rxa2 {[%clk 0:00:58]} 28. Kf1 {[%clk 0:00:46]} Rb2
{[%clk 0:00:40]} 29. Rc3 {[%clk 0:00:47]} g6 {[%clk 0:00:25]} 30. f4
{[%clk 0:00:48]} Kg7 {[%clk 0:00:23]} 31. Rd3 {[%clk 0:00:51]} Ra2
{[%clk 0:00:23]} 32. g4 {[%clk 0:00:44]} Rxh2 {[%clk 0:00:21]} 33. g5
{[%clk 0:00:48]} Be7 {[%clk 0:00:21]} 34. Na5 {[%clk 0:00:49]} Bd6
{[%clk 0:00:15]} 35. Rf3 {[%clk 0:00:53]} h3 {[%clk 0:00:13]} 36. Nc6
{[%clk 0:00:38]} Rc2 {[%clk 0:00:13]} 37. Nxa7 {[%clk 0:00:30]} h2
{[%clk 0:00:15]} 38. Rh3 {[%clk 0:00:35]} Bxf4 {[%clk 0:00:16]} 39. Nb5
{[%clk 0:00:38]} Bb8 {[%clk 0:00:12]} 40. Na3 {[%clk 0:00:39]} Rc1+
{[%clk 0:00:15]} 41. Kg2 {[%clk 0:00:44]} Rg1+ {[%clk 0:00:19]} 0-1

[Event "AMPD"]
[Site "Chorzow"]
[Date "2022.04.03"]
[Round "9.3"]
[White "Fus, Jakub"]
[Black "Poplawski, Maciej"]
[Result "1-0"]
[BlackElo "1729"]
[WhiteElo "2261"]
[WhiteTeam ""]
[LiveChessVersion "1.4.8"]

1. d4 {[%clk 0:15:08]} Nf6 {[%clk 0:15:05]} 2. Nf3 {[%clk 0:15:12]} e6
{[%clk 0:15:04]} 3. c4 {[%clk 0:15:12]} d5 {[%clk 0:14:58]} 4. Nc3
{[%clk 0:15:14]} c6 {[%clk 0:14:54]} 5. cxd5 {[%clk 0:15:17]} cxd5
{[%clk 0:14:50]} 6. Bf4 {[%clk 0:15:18]} Bd6 {[%clk 0:14:45]} 7. g3
{[%clk 0:15:17]} O-O {[%clk 0:13:20]} 8. e3 {[%clk 0:15:18]} Bxf4
{[%clk 0:11:12]} 9. gxf4 {[%clk 0:15:22]} Ne4 {[%clk 0:10:25]} 10. Nxe4
{[%clk 0:14:26]} dxe4 {[%clk 0:10:28]} 11. Nd2 {[%clk 0:14:18]} f5
{[%clk 0:08:35]} 12. Qb3 {[%clk 0:13:05]} Na6 {[%clk 0:07:49]} 13. Nc4
{[%clk 0:12:09]} Qd5 {[%clk 0:05:49]} 14. Ne5 {[%clk 0:12:00]} Qxb3
{[%clk 0:05:10]} 15. axb3 {[%clk 0:12:03]} Nb4 {[%clk 0:05:13]} 16. Kd2
{[%clk 0:12:04]} a6 {[%clk 0:04:53]} 17. Be2 {[%clk 0:11:58]} Rb8
{[%clk 0:04:42]} 18. Rhc1 {[%clk 0:11:17]} Rd8 {[%clk 0:03:49]} 19. f3
{[%clk 0:10:54]} exf3 {[%clk 0:03:25]} 20. Bxf3 {[%clk 0:10:58]} Bd7
{[%clk 0:03:23]} 21. Rc4 {[%clk 0:10:53]} Nc6 {[%clk 0:03:19]} 22. Nd3
{[%clk 0:06:28]} b5 {[%clk 0:01:51]} 23. Rxc6 {[%clk 0:06:24]} Bxc6
{[%clk 0:01:52]} 24. Bxc6 {[%clk 0:06:27]} Rb6 {[%clk 0:01:54]} 25. Ne5
{[%clk 0:06:28]} Rc8 {[%clk 0:01:13]} 26. Rc1 {[%clk 0:06:31]} g6
{[%clk 0:01:07]} 27. d5 {[%clk 0:06:27]} Rd8 {[%clk 0:01:03]} 28. Nd7
{[%clk 0:06:15]} 1-0

[Event "AMPD"]
[Site "Chorzow"]
[Date "2022.04.03"]
[Round "9.4"]
[White "Zielinski, Konrad"]
[Black "Chylewski, Patryk"]
[Result "0-1"]
[BlackElo "2134"]
[WhiteElo "1619"]
[BlackTeam ""]
[LiveChessVersion "1.4.8"]

1. e4 {[%clk 0:15:07]} c5 {[%clk 0:15:07]} 2. d4 {[%clk 0:15:10]} cxd4
{[%clk 0:15:09]} 3. c3 {[%clk 0:15:14]} dxc3 {[%clk 0:15:12]} 4. Nxc3
{[%clk 0:15:17]} Nc6 {[%clk 0:15:07]} 5. Nf3 {[%clk 0:15:17]} e6 {[%clk 0:15:10]}
6. Bc4 {[%clk 0:15:15]} Qc7 {[%clk 0:15:12]} 7. Qe2 {[%clk 0:15:12]} Nf6
{[%clk 0:12:46]} 8. h3 {[%clk 0:14:54]} d6 {[%clk 0:12:23]} 9. O-O
{[%clk 0:14:40]} Be7 {[%clk 0:12:19]} 10. Rd1 {[%clk 0:14:36]} a6
{[%clk 0:11:53]} 11. Bf4 {[%clk 0:14:27]} Ne5 {[%clk 0:11:51]} 12. Bb3
{[%clk 0:12:29]} O-O {[%clk 0:11:46]} 13. Rac1 {[%clk 0:12:07]} Qa5
{[%clk 0:11:10]} 14. Rd2 {[%clk 0:10:46]} Nfd7 {[%clk 0:07:51]} 15. Ng5
{[%clk 0:08:41]} Nc5 {[%clk 0:07:10]} 16. Qh5 {[%clk 0:07:20]} h6
{[%clk 0:05:32]} 17. Nf3 {[%clk 0:06:10]} Ng6 {[%clk 0:04:53]} 18. Bxd6
{[%clk 0:05:41]} Bxd6 {[%clk 0:04:53]} 19. Rxd6 {[%clk 0:05:41]} Nxb3
{[%clk 0:04:54]} 20. Nd5 {[%clk 0:04:54]} exd5 {[%clk 0:04:39]} 21. axb3
{[%clk 0:04:16]} Qb4 {[%clk 0:03:20]} 22. Qxd5 {[%clk 0:03:22]} Nf4
{[%clk 0:03:17]} 23. Qd1 {[%clk 0:03:06]} Ne2+ {[%clk 0:03:17]} 0-1

[Event "AMPD"]
[Site "Chorzow"]
[Date "2022.04.03"]
[Round "9.5"]
[White "Molenda, Marcin"]
[Black "Twardowski, Hubert"]
[Result "1-0"]
[BlackElo "1660"]
[WhiteElo "2207"]
[WhiteTeam ""]
[LiveChessVersion "1.4.8"]

1. d4 {[%clk 0:15:07]} Nf6 {[%clk 0:15:09]} 2. c4 {[%clk 0:15:11]} c5
{[%clk 0:15:13]} 3. Nf3 {[%clk 0:15:11]} g6 {[%clk 0:15:05]} 4. g3
{[%clk 0:15:13]} cxd4 {[%clk 0:15:05]} 5. Nxd4 {[%clk 0:15:16]} Nc6
{[%clk 0:15:09]} 6. Nc2 {[%clk 0:15:20]} Bg7 {[%clk 0:15:04]} 7. Bg2
{[%clk 0:15:24]} O-O {[%clk 0:15:06]} 8. O-O {[%clk 0:15:26]} d6 {[%clk 0:14:29]}
9. Nc3 {[%clk 0:15:28]} Be6 {[%clk 0:14:21]} 10. b3 {[%clk 0:15:19]} Qd7
{[%clk 0:14:17]} 11. Re1 {[%clk 0:15:18]} Rfd8 {[%clk 0:14:03]} 12. e4
{[%clk 0:15:10]} Bh3 {[%clk 0:09:50]} 13. Bh1 {[%clk 0:12:53]} h5
{[%clk 0:09:53]} 14. Bb2 {[%clk 0:11:38]} Rac8 {[%clk 0:09:38]} 15. Rb1
{[%clk 0:11:36]} h4 {[%clk 0:09:36]} 16. Ne3 {[%clk 0:11:22]} Ng4
{[%clk 0:09:03]} 17. Ncd5 {[%clk 0:09:59]} Nce5 {[%clk 0:07:37]} 18. Ng2
{[%clk 0:06:30]} Nxh2 {[%clk 0:03:17]} 19. Nxh4 {[%clk 0:03:21]} g5
{[%clk 0:03:21]} 20. Kxh2 {[%clk 0:02:04]} Ng4+ {[%clk 0:01:30]} 21. Kg1
{[%clk 0:02:04]} gxh4 {[%clk 0:01:34]} 22. f3 {[%clk 0:01:35]} Ne5
{[%clk 0:01:05]} 23. g4 {[%clk 0:00:59]} Nxg4 {[%clk 0:00:21]} 24. fxg4
{[%clk 0:00:58]} Bxg4 {[%clk 0:00:25]} 25. Bf3 {[%clk 0:00:48]} Be6
{[%clk 0:00:09]} 26. Kh1 {[%clk 0:00:38]} Bxb2 {[%clk 0:00:07]} 27. Rxb2
{[%clk 0:00:40]} Kh8 {[%clk 0:00:09]} 28. Qc1 {[%clk 0:00:33]} Kh7
{[%clk 0:00:12]} 29. Qg5 {[%clk 0:00:24]} Rg8 {[%clk 0:00:09]} 30. Qxh4+
{[%clk 0:00:24]} 1-0

[Event "AMPD"]
[Site "Chorzow"]
[Date "2022.04.03"]
[Round "9.6"]
[White "Lascar, Radoslawa"]
[Black "Bebnik, Malgorzata"]
[Result "0-1"]
[BlackElo "1616"]
[WhiteElo "1636"]
[BlackTeam ""]
[LiveChessVersion "1.4.8"]

1. e4 {[%clk 0:15:08]} c5 {[%clk 0:15:09]} 2. c3 {[%clk 0:15:12]} Nc6
{[%clk 0:15:11]} 3. d4 {[%clk 0:15:13]} e6 {[%clk 0:14:34]} 4. Nf3
{[%clk 0:14:33]} d5 {[%clk 0:14:33]} 5. exd5 {[%clk 0:14:35]} exd5
{[%clk 0:14:30]} 6. Bb5 {[%clk 0:13:23]} Be6 {[%clk 0:12:28]} 7. Ne5
{[%clk 0:11:32]} Qc7 {[%clk 0:12:14]} 8. O-O {[%clk 0:09:16]} Bd6
{[%clk 0:11:57]} 9. Bf4 {[%clk 0:08:04]} Nf6 {[%clk 0:10:16]} 10. Nxc6
{[%clk 0:06:11]} bxc6 {[%clk 0:10:15]} 11. Bxd6 {[%clk 0:05:57]} Qxd6
{[%clk 0:10:17]} 12. Ba4 {[%clk 0:05:19]} O-O {[%clk 0:10:12]} 13. h3
{[%clk 0:04:06]} Rab8 {[%clk 0:10:08]} 14. dxc5 {[%clk 0:03:00]} Qxc5
{[%clk 0:10:10]} 15. b4 {[%clk 0:03:03]} Qd6 {[%clk 0:09:50]} 16. a3
{[%clk 0:02:57]} Rfc8 {[%clk 0:08:54]} 17. Nd2 {[%clk 0:02:29]} Qe5
{[%clk 0:08:12]} 18. Rc1 {[%clk 0:02:16]} c5 {[%clk 0:05:43]} 19. Re1
{[%clk 0:01:50]} Qf4 {[%clk 0:05:13]} 20. Nb3 {[%clk 0:01:33]} Ne4
{[%clk 0:04:54]} 21. f3 {[%clk 0:00:54]} Ng5 {[%clk 0:04:31]} 22. Nxc5
{[%clk 0:00:34]} Bxh3 {[%clk 0:04:21]} 23. Qd4 {[%clk 0:00:21]} Nxf3+
{[%clk 0:04:13]} 24. gxf3 {[%clk 0:00:09]} Qg3+ {[%clk 0:04:16]} 0-1

[Event "AMPD"]
[Site "Chorzow"]
[Date "2022.04.03"]
[Round "9.7"]
[White "Lukasiewicz, Krzysztof"]
[Black "Garbowski, Jakub"]
[Result "1-0"]
[BlackElo "2004"]
[WhiteElo "1966"]
[LiveChessVersion "1.4.8"]

1. d4 {[%clk 0:15:09]} Nf6 {[%clk 0:15:08]} 2. Bf4 {[%clk 0:15:13]} g6
{[%clk 0:15:07]} 3. Nc3 {[%clk 0:15:16]} d5 {[%clk 0:14:51]} 4. e3
{[%clk 0:15:20]} Bg7 {[%clk 0:14:38]} 5. h4 {[%clk 0:15:23]} h5 {[%clk 0:14:32]}
6. Nf3 {[%clk 0:15:26]} c5 {[%clk 0:14:20]} 7. Nb5 {[%clk 0:15:27]} Na6
{[%clk 0:14:17]} 8. c3 {[%clk 0:15:31]} O-O {[%clk 0:13:52]} 9. Be2
{[%clk 0:15:30]} Qb6 {[%clk 0:12:35]} 10. a4 {[%clk 0:15:34]} Ng4
{[%clk 0:11:09]} 11. O-O {[%clk 0:13:58]} Rd8 {[%clk 0:09:22]} 12. Bg3
{[%clk 0:09:32]} Bd7 {[%clk 0:06:55]} 13. dxc5 {[%clk 0:08:22]} Qxc5
{[%clk 0:06:45]} 14. b4 {[%clk 0:08:26]} Qc6 {[%clk 0:06:42]} 15. Qb3
{[%clk 0:08:28]} e5 {[%clk 0:06:25]} 16. Rac1 {[%clk 0:08:21]} Bf5
{[%clk 0:05:17]} 17. c4 {[%clk 0:08:02]} d4 {[%clk 0:05:12]} 18. exd4
{[%clk 0:08:06]} exd4 {[%clk 0:05:15]} 19. Rfd1 {[%clk 0:07:55]} d3
{[%clk 0:04:57]} 20. Bf1 {[%clk 0:05:59]} Rd7 {[%clk 0:04:11]} 21. c5
{[%clk 0:04:49]} b6 {[%clk 0:02:12]} 22. Nd6 {[%clk 0:04:25]} Be6
{[%clk 0:01:49]} 23. Qa3 {[%clk 0:04:28]} bxc5 {[%clk 0:01:12]} 24. b5
{[%clk 0:04:32]} Qb6 {[%clk 0:00:39]} 25. bxa6 {[%clk 0:04:08]} Bb2
{[%clk 0:00:33]} 26. Qxc5 {[%clk 0:03:35]} Bxc1 {[%clk 0:00:30]} 27. Qxb6
{[%clk 0:03:29]} axb6 {[%clk 0:00:33]} 28. Rxc1 {[%clk 0:03:33]} Rxa6
{[%clk 0:00:25]} 29. Bxd3 {[%clk 0:03:37]} Raa7 {[%clk 0:00:11]} 30. Ng5
{[%clk 0:02:57]} Bd5 {[%clk 0:00:09]} 31. Rc8+ {[%clk 0:02:21]} Kg7
{[%clk 0:00:10]} 32. Ne8+ {[%clk 0:02:23]} Kh6 {[%clk 0:00:07]} 33. f3
{[%clk 0:02:27]} Bb7 {[%clk 0:00:07]} 34. Rc3 {[%clk 0:01:42]} f6
{[%clk 0:00:09]} 35. Bf4 {[%clk 0:01:24]} Rxa4 {[%clk 0:00:09]} 36. Ne4+
{[%clk 0:01:22]} Kh7 {[%clk 0:00:08]} 37. N8xf6+ {[%clk 0:01:21]} Nxf6
{[%clk 0:00:11]} 38. Nxf6+ {[%clk 0:01:25]} Kg7 {[%clk 0:00:08]} 39. Nxd7
{[%clk 0:01:28]} Rxf4 {[%clk 0:00:10]} 40. Nxb6 {[%clk 0:01:24]} Kh6
{[%clk 0:00:07]} 41. Rc7 {[%clk 0:01:22]} Rd4 {[%clk 0:00:07]} 42. Bf1 1-0

[Event "AMPD"]
[Site "Chorzow"]
[Date "2022.04.03"]
[Round "9.8"]
[White "Antolak, Julia"]
[Black "Adamczewski, Maciej"]
[Result "1-0"]
[BlackElo "2056"]
[WhiteElo "2115"]
[LiveChessVersion "1.4.8"]

1. e4 {[%clk 0:15:08]} e6 {[%clk 0:15:08]} 2. d4 {[%clk 0:15:11]} d5
{[%clk 0:15:12]} 3. Nd2 {[%clk 0:15:06]} c5 {[%clk 0:15:15]} 4. exd5
{[%clk 0:15:09]} exd5 {[%clk 0:15:19]} 5. Bb5+ {[%clk 0:15:11]} Bd7
{[%clk 0:15:21]} 6. Bxd7+ {[%clk 0:15:14]} Nxd7 {[%clk 0:15:21]} 7. Ngf3
{[%clk 0:15:17]} Ngf6 {[%clk 0:15:25]} 8. O-O {[%clk 0:15:19]} Be7
{[%clk 0:15:28]} 9. dxc5 {[%clk 0:15:14]} Nxc5 {[%clk 0:15:32]} 10. Nb3
{[%clk 0:15:18]} Nce4 {[%clk 0:15:35]} 11. Bf4 {[%clk 0:15:11]} O-O
{[%clk 0:15:32]} 12. c3 {[%clk 0:15:04]} Re8 {[%clk 0:14:52]} 13. Qd3
{[%clk 0:14:53]} Bd6 {[%clk 0:14:42]} 14. Bxd6 {[%clk 0:14:55]} Qxd6
{[%clk 0:14:44]} 15. Rad1 {[%clk 0:14:50]} Rad8 {[%clk 0:14:40]} 16. h3
{[%clk 0:14:51]} g6 {[%clk 0:11:09]} 17. Rfe1 {[%clk 0:14:39]} a5
{[%clk 0:09:08]} 18. Qd4 {[%clk 0:13:47]} b6 {[%clk 0:07:04]} 19. Nbd2
{[%clk 0:13:15]} Qc5 {[%clk 0:06:15]} 20. Nb3 {[%clk 0:12:32]} Qc6
{[%clk 0:05:47]} 21. Nc1 {[%clk 0:10:03]} Qc4 {[%clk 0:04:04]} 22. a3
{[%clk 0:08:02]} b5 {[%clk 0:03:52]} 23. Nd3 {[%clk 0:07:57]} h5 {[%clk 0:03:02]}
24. Re3 {[%clk 0:05:50]} Qc7 {[%clk 0:02:42]} 25. Rde1 {[%clk 0:05:37]} Kg7
{[%clk 0:01:50]} 26. Nd2 {[%clk 0:03:16]} Nd6 {[%clk 0:01:34]} 27. Rxe8
{[%clk 0:03:17]} Rxe8 {[%clk 0:01:37]} 28. Rxe8 {[%clk 0:03:17]} Ndxe8
{[%clk 0:01:41]} 29. Nf3 {[%clk 0:02:44]} Nd6 {[%clk 0:01:01]} 30. Qe5
{[%clk 0:02:31]} Nde8 {[%clk 0:00:40]} 31. Nd4 {[%clk 0:02:17]} Qc4
{[%clk 0:00:28]} 32. Nf4 {[%clk 0:02:13]} b4 {[%clk 0:00:14]} 33. axb4
{[%clk 0:02:04]} axb4 {[%clk 0:00:17]} 34. Qe7 {[%clk 0:01:49]} Kg8
{[%clk 0:00:11]} 35. Qxb4 {[%clk 0:01:50]} Qc7 {[%clk 0:00:15]} 36. Nd3
{[%clk 0:01:21]} Ne4 {[%clk 0:00:13]} 37. Qb5 {[%clk 0:01:14]} N8f6
{[%clk 0:00:16]} 38. Qc6 Qa5 {[%clk 0:00:14]} 39. f3 {[%clk 0:00:30]} Qa1+
{[%clk 0:00:17]} 40. Kh2 {[%clk 0:00:35]} Qf1 {[%clk 0:00:07]} 41. fxe4
{[%clk 0:00:33]} Nxe4 {[%clk 0:00:06]} 42. Qb5 {[%clk 0:00:15]} Kg7
{[%clk 0:00:09]} 43. Nf3 {[%clk 0:00:13]} Qe2 {[%clk 0:00:07]} 44. Qxd5
{[%clk 0:00:12]} Nf6 {[%clk 0:00:09]} 45. Qd4 {[%clk 0:00:14]} h4
{[%clk 0:00:08]} 46. Nf4 {[%clk 0:00:17]} Qxb2 {[%clk 0:00:08]} 47. Nd5
{[%clk 0:00:13]} Qb8+ {[%clk 0:00:11]} 48. Kh1 {[%clk 0:00:17]} Qb1+
{[%clk 0:00:13]} 49. Ng1 {[%clk 0:00:22]} Qf5 {[%clk 0:00:14]} 50. Qxf6+
{[%clk 0:00:19]} 1-0

[Event "AMPD"]
[Site "Chorzow"]
[Date "2022.04.03"]
[Round "9.9"]
[White "Kanicki, Krzysztof"]
[Black "Gulbinski, Michal"]
[Result "1-0"]
[BlackElo "1641"]
[WhiteElo "1999"]
[LiveChessVersion "1.4.8"]

1. e4 {[%clk 0:15:07]} c6 {[%clk 0:15:10]} 2. d4 {[%clk 0:15:02]} d5
{[%clk 0:15:14]} 3. e5 {[%clk 0:15:02]} Bf5 {[%clk 0:15:18]} 4. Nf3
{[%clk 0:15:01]} e6 {[%clk 0:15:22]} 5. Be2 {[%clk 0:14:55]} c5 {[%clk 0:15:01]}
6. Be3 {[%clk 0:13:32]} c4 {[%clk 0:13:52]} 7. b3 {[%clk 0:12:30]} cxb3
{[%clk 0:13:55]} 8. axb3 {[%clk 0:12:26]} Nc6 {[%clk 0:13:41]} 9. O-O
{[%clk 0:12:19]} Nge7 {[%clk 0:13:27]} 10. c3 {[%clk 0:10:00]} h6
{[%clk 0:13:27]} 11. b4 {[%clk 0:09:34]} g5 {[%clk 0:11:41]} 12. Nbd2
{[%clk 0:09:01]} Bg7 {[%clk 0:11:45]} 13. Nb3 {[%clk 0:08:39]} O-O
{[%clk 0:11:31]} 14. b5 {[%clk 0:08:13]} Nb8 {[%clk 0:11:22]} 15. Nc5
{[%clk 0:05:25]} b6 {[%clk 0:11:21]} 16. Na6 {[%clk 0:05:00]} Nxa6
{[%clk 0:11:12]} 17. Rxa6 {[%clk 0:05:02]} Qc7 {[%clk 0:11:17]} 18. Qb3
{[%clk 0:04:26]} Rfc8 {[%clk 0:11:19]} 19. Rc1 Qb7 20. h3 {[%clk 0:03:55]} Rc7
{[%clk 0:11:28]} 21. Bd2 {[%clk 0:03:24]} Rac8 {[%clk 0:11:23]} 22. Rca1
{[%clk 0:03:27]} Ra8 {[%clk 0:10:42]} 23. Bc1 {[%clk 0:03:18]} Ng6
{[%clk 0:10:09]} 24. Kh2 {[%clk 0:02:51]} Nf4 {[%clk 0:09:30]} 25. Bxf4
{[%clk 0:02:13]} gxf4 {[%clk 0:09:34]} 26. Qb2 {[%clk 0:02:02]} Qc8
{[%clk 0:09:08]} 27. Rc1 {[%clk 0:01:57]} Rb8 {[%clk 0:08:30]} 28. Qd2
{[%clk 0:01:58]} Rbb7 {[%clk 0:08:25]} 29. Ra3 {[%clk 0:01:52]} Bf8
{[%clk 0:07:57]} 30. Rb3 {[%clk 0:01:54]} Kh7 {[%clk 0:06:20]} 31. Qxf4
{[%clk 0:01:55]} Qd8 {[%clk 0:05:57]} 32. Qe3 {[%clk 0:00:56]} Rc8
{[%clk 0:04:45]} 33. g3 {[%clk 0:00:57]} Rbc7 {[%clk 0:04:47]} 34. Nh4
{[%clk 0:00:42]} Bg6 {[%clk 0:04:52]} 35. Ng2 {[%clk 0:00:38]} Qg5
{[%clk 0:04:10]} 36. h4 {[%clk 0:00:26]} Qxe3 {[%clk 0:04:06]} 37. Nxe3
{[%clk 0:00:30]} h5 {[%clk 0:03:50]} 38. f4 {[%clk 0:00:15]} Be7 {[%clk 0:03:32]}
39. Kg1 {[%clk 0:00:19]} f6 {[%clk 0:03:22]} 40. Kf2 {[%clk 0:00:10]} fxe5
{[%clk 0:03:25]} 41. fxe5 {[%clk 0:00:11]} Rf8+ {[%clk 0:03:23]} 42. Ke1
{[%clk 0:00:15]} Kh6 {[%clk 0:02:46]} 43. Kd2 {[%clk 0:00:13]} Be4
{[%clk 0:02:50]} 44. Rf1 {[%clk 0:00:15]} Rxf1 {[%clk 0:02:40]} 45. Nxf1
{[%clk 0:00:17]} Bf8 {[%clk 0:02:45]} 46. Bd3 {[%clk 0:00:12]} Bxd3
{[%clk 0:02:36]} 47. Kxd3 {[%clk 0:00:16]} Kg6 {[%clk 0:02:40]} 48. Ne3
{[%clk 0:00:11]} Bh6 {[%clk 0:02:38]} 49. Ra3 {[%clk 0:00:15]} Bxe3
{[%clk 0:02:10]} 50. Kxe3 {[%clk 0:00:16]} Kf5 {[%clk 0:02:15]} 51. Kf3
{[%clk 0:00:15]} Rc4 52. Rxa7 {[%clk 0:00:12]} Rxc3+ {[%clk 0:01:59]} 53. Kf2
{[%clk 0:00:13]} Rb3 {[%clk 0:01:49]} 54. Rf7+ {[%clk 0:00:12]} Ke4
{[%clk 0:01:48]} 55. Rf4+ {[%clk 0:00:13]} Kd3 {[%clk 0:01:49]} 56. Rf3+
{[%clk 0:00:16]} Kc2 {[%clk 0:01:53]} 57. Rxb3 {[%clk 0:00:21]} Kxb3
{[%clk 0:01:57]} 58. g4 {[%clk 0:00:25]} 1-0

[Event "AMPD"]
[Site "Chorzow"]
[Date "2022.04.03"]
[Round "9.10"]
[White "Dwilewicz, Agata"]
[Black "Lukasiewicz, Aleksander"]
[Result "0-1"]
[BlackElo "1852"]
[WhiteElo "1715"]
[LiveChessVersion "1.4.8"]

1. e4 {[%clk 0:15:06]} e5 {[%clk 0:15:09]} 2. Nf3 {[%clk 0:15:10]} Nc6
{[%clk 0:15:03]} 3. Bb5 {[%clk 0:15:10]} g6 {[%clk 0:15:07]} 4. O-O
{[%clk 0:14:57]} Bg7 {[%clk 0:15:08]} 5. c3 {[%clk 0:14:50]} a6 {[%clk 0:15:11]}
6. Ba4 {[%clk 0:14:53]} d6 {[%clk 0:15:15]} 7. d3 {[%clk 0:14:45]} Bd7
{[%clk 0:15:17]} 8. Be3 {[%clk 0:14:35]} Nf6 {[%clk 0:15:11]} 9. h3
{[%clk 0:14:21]} O-O {[%clk 0:15:00]} 10. Nbd2 {[%clk 0:14:13]} Nh5
{[%clk 0:14:52]} 11. Re1 {[%clk 0:14:02]} Kh8 {[%clk 0:14:47]} 12. Nf1
{[%clk 0:13:49]} f5 {[%clk 0:14:50]} 13. exf5 {[%clk 0:13:26]} gxf5
{[%clk 0:14:22]} 14. Nxe5 {[%clk 0:12:09]} Nxe5 {[%clk 0:14:25]} 15. Bxd7
{[%clk 0:12:01]} f4 {[%clk 0:12:44]} 16. Bd4 {[%clk 0:09:58]} f3 {[%clk 0:12:38]}
17. Bg4 {[%clk 0:08:55]} Nxg4 {[%clk 0:11:28]} 18. Bxg7+ {[%clk 0:08:25]} Kxg7
19. hxg4 {[%clk 0:08:06]} fxg2 {[%clk 0:09:55]} 20. Kxg2 {[%clk 0:04:35]} Nf4+
{[%clk 0:05:58]} 21. Kg3 {[%clk 0:04:10]} Qg5 {[%clk 0:05:49]} 22. Ne3
{[%clk 0:03:26]} Ng6 {[%clk 0:05:52]} 23. Kg2 {[%clk 0:01:32]} Nh4+
{[%clk 0:02:55]} 24. Kf1 {[%clk 0:00:57]} Nf3 {[%clk 0:02:17]} 25. Nf5+
{[%clk 0:00:29]} Rxf5 {[%clk 0:02:20]} 26. gxf5 {[%clk 0:00:26]} Nh2+
{[%clk 0:02:24]} 27. Ke2 {[%clk 0:00:29]} Re8# 0-1